Problim management ekonomi di Indonesia. (Record no. 60111)

MARC details
000 -LEADER
fixed length control field 00561cam a22002171 4500
001 - CONTROL NUMBER
control field sa 64007225
003 - CONTROL NUMBER IDENTIFIER
control field DLC
005 - DATE AND TIME OF LATEST TRANSACTION
control field 20260227112045.0
008 - FIXED-LENGTH DATA ELEMENTS--GENERAL INFORMATION
fixed length control field 850723s1963 io 000 0 ind
010 ## - LIBRARY OF CONGRESS CONTROL NUMBER
LC control number sa 64007225
035 ## - SYSTEM CONTROL NUMBER
System control number (OCoLC)12295190
040 ## - CATALOGING SOURCE
Original cataloging agency DLC
Transcribing agency IDeKN
Modifying agency DLC
042 ## - AUTHENTICATION CODE
Authentication code premarc
043 ## - GEOGRAPHIC AREA CODE
Geographic area code a-io---
050 00 - LIBRARY OF CONGRESS CALL NUMBER
Classification number HC447
Item number .R8
100 1# - MAIN ENTRY--PERSONAL NAME
Personal name Runturambi, F.
245 10 - TITLE STATEMENT
Title Problim management ekonomi di Indonesia.
260 ## - PUBLICATION, DISTRIBUTION, ETC.
Place of publication, distribution, etc. Djakarta :
Name of publisher, distributor, etc. Sumber Tjahaja,
Date of publication, distribution, etc. 1963.
300 ## - PHYSICAL DESCRIPTION
Extent 87 p. ;
Dimensions 19 cm.
651 #0 - SUBJECT ADDED ENTRY--GEOGRAPHIC NAME
Geographic name Indonesia
General subdivision Economic policy.

No items available.

Powered by Koha